La proteccin̤ del patrimonio y su uso turs̕tico

Detalles Bibliográficos
Autor principal: Palomar Anguas, Mara̕ Pilar
Otros Autores: Lp̤ez Ronco, M® ℓngeles
Formato: eBook
Lenguaje:español
Publicado: Madrid: Dykinson, 2019
Materias:
Acceso en línea:Acceso restringido

MARC

LEADER 00000nam a22000007a 4500
005 20200522144524.0
007 cr|||| ||||
008 200522s2019 es |||||s|||| 00||0 spa d
020 |a 978-84-1324-531-7 
035 |a 31441 
040 |a vLex 
090 |c 10379  |d 10379 
100 1 |a Palomar Anguas, Mara̕ Pilar 
245 1 2 |a La proteccin̤ del patrimonio y su uso turs̕tico  |h [Recurso electrn̤ico] /  |c Mara̕ Pilar Palomar Anguas, M® ℓngeles Lp̤ez Ronco 
256 |a Servicio en ln̕ea 
260 |a Madrid:  |b Dykinson,  |c 2019 
300 |a 1 recurso electrn̤ico 
506 1 |a Disponible solo en los productos indicados  |d vLex Global  |d vLex Global (Academic Edition, excluding Law Schools)  |d vLex Global (U.S. Academic Edition, Law Schools)  |d vLex Global (U.S. Academic Edition, excluding Law Schools)  |d vLex Global (Academic Edition, Law Schools) 
650 0 4 |a Derecho Pb︢lico y Administrativo  |z Espaą 
700 |a Lp̤ez Ronco, M® ℓngeles 
740 0 |a vLex Libros (Servicio en ln̕ea) 
856 4 0 |u http://vlex.com/source/proteccion-patrimonio-uso-turistico-31441  |z Acceso restringido 
942 |c BOOK 
999 0 |a Public and Administrative Law